|
|
|
|
| LEADER |
00000nam a2200000 a 4500 |
| 001 |
vtls001413830 |
| 003 |
SK-MaSNL |
| 005 |
20260413122804.0 |
| 008 |
251117s2001 xo a rg 0 ukr |
| 015 |
|
|
|a SNBA2001/07-02578
|
| 020 |
|
|
|a 8088890110
|
| 035 |
|
|
|a SNK000368556
|
| 040 |
|
|
|a SNK
|b slo
|c SNK
|e AACR2
|
| 041 |
0 |
|
|a slo
|
| 044 |
|
|
|a xo
|c SK
|
| 080 |
|
|
|a 883 (437.6)-1=83
|2 1981
|
| 100 |
1 |
|
|a Gula, Peter,
|d 1937-1980
|4 aut
|9 38707
|
| 245 |
1 |
0 |
|a Sribnyj misjac'
|c Petro Gula
|
| 260 |
|
|
|a Prjašiv
|b Sojuz rusyniv-ukrajinciv Slovac'koji Respubliky
|c 2000
|
| 300 |
|
|
|a [15] s.
|b ilustr.
|c 21 cm
|
| 490 |
1 |
|
|a Slovoljub
|v no 9
|
| 500 |
|
|
|a Ilustr. na front.
|
| 500 |
|
|
|a 200 výt.
|
| 650 |
0 |
7 |
|a príležitostné básne, ukrajinské
|2 SNK
|9 23802
|
| 655 |
|
7 |
|a umelecká literatúra
|2 SNK
|9 60405
|
| 710 |
0 |
|
|a Zväz Rusínov-Ukrajincov Slovenskej republiky
|4 vyd
|9 18604
|
| 752 |
|
|
|d Prešov
|
| 830 |
|
0 |
|a Slovoljub
|9 455637
|
| 852 |
|
|
|a Slovenská národná knižnica
|
| 919 |
|
|
|a 80-88890-11-0
|
| 954 |
|
|
|a beletria cudzojazyčná (svetová)
|2 lita
|
| 958 |
|
|
|a TL
|
| 958 |
|
|
|a LX
|
| 958 |
|
|
|a BQ
|
| 958 |
|
|
|a UK
|
| 999 |
|
|
|c 1069382
|d 1071312
|
| 952 |
|
|
|t P60, <03>, [BOOK], {603}
|a SNK
|b SNK
|y PREZ
|7 0
|p 17A0302311
|o snkOSC 21226
|i snkKSP 6737/2001
|0 0
|1 0
|4 0
|d 2001-05-29
|l 0
|r 2005-01-02 00:00:00
|w 2026-02-24
|
| 952 |
|
|
|t P60, <04>, [BOOK], {604}
|a SNK
|b SNK
|y VYP
|7 0
|p 17A0302310
|o snkOSC 21226 D1
|i snkKSP 6738/2001
|0 0
|1 0
|4 0
|d 2001-05-29
|l 0
|r 2005-01-02 00:00:00
|w 2026-02-24
|